000 00629nam a2200217 a 4500
001 BRCA_2937
005 20190320204032.0
008 151208s1943----mx-a---###---#000-0#spa-u
050 4 _aZ1421
_b.U43 1943
100 1 _aUgarte, Salvador
_98168
245 1 0 _aNotas de bibliografía mexicana
_cpor Salvador Ugarte.
260 _aMéxico
_bImp. Aldina
_c1943
300 _a107 p.
_bil.
_c21 cm.
500 _aEjemplar numerado 97 de 100.
500 _aB61
650 1 4 _aLiteratura mexicana
_vBibliografía
_98169
650 1 4 _aImprenta
_xHistoria
_97419
651 4 _aMéxico
_vBibliografía
_96829
902 _aGFM
942 _2lcc
_cB
999 _c2676
_d2676